Richard Ellis (Record no. 107679)

MARC details
000 -LEADER
fixed length control field 00583cam a22001935a 4500
001 - CONTROL NUMBER
control field L141466
008 - FIXED-LENGTH DATA ELEMENTS--GENERAL INFORMATION
fixed length control field 071127s1973 xxka f 000 0deng d
035 ## - SYSTEM CONTROL NUMBER
System control number (Sirsi) u141466
041 0# - LANGUAGE CODE
Language code of text/sound track or separate title eng
050 04 - LIBRARY OF CONGRESS CALL NUMBER
Classification number 920 $2 18
110 2# - MAIN ENTRY--CORPORATE NAME
Corporate name or jurisdiction name as entry element Richard Ellis
9 (RLIN) 1875
245 00 - TITLE STATEMENT
Title Richard Ellis
Remainder of title a brief history
260 ## - PUBLICATION, DISTRIBUTION, ETC.
Place of publication, distribution, etc. S.l.
-- .n.
Date of publication, distribution, etc. [1973]
300 ## - PHYSICAL DESCRIPTION
Extent [16] p.
Other physical details ill.
Dimensions 21 cm.
520 ## - SUMMARY, ETC.
Summary, etc. A history of the firm of Richard Ellis. Includes a fold-out timeline inside the front cover.
651 #4 - SUBJECT ADDED ENTRY--GEOGRAPHIC NAME
Geographic name United Kingdom
Chronological subdivision
690 ## - LOCAL SUBJECT ADDED ENTRY--TOPICAL TERM (OCLC, RLIN)
Topical term or geographic name as entry element ABOUT RICS-RICS MEMBERS-CHARTERED SURVEYORS
942 ## - ADDED ENTRY ELEMENTS (KOHA)
Suppress in OPAC 0
Holdings
Withdrawn status Lost status Source of classification or shelving scheme Damaged status Not for loan Home library Current library Shelving location Date acquired Total Checkouts Full call number Barcode Date last seen Copy number Price effective from Koha item type
    Dewey Decimal Classification     London London Reference copy 27/11/2007   920 RIC 30074475 06/08/2019 1 06/08/2019 Book